Click Oceanic Islands on the Map - Statistics

General Stats
  • This quiz has been taken 46 times
  • The average score is 12 of 16
Answers on the Map
Answers color-coded by a green-red scale on the quiz's map according to % correct below.
 
Answer Stats
Answer % Correct
New Guinea
97%
North Island
97%
South Island
97%
Tasmania
95%
Nauru
89%
New Britain
84%
Kangaroo Island
81%
Norfolk Island
81%
New Caledonia
78%
Vanua Levu
73%
Viti Levu
70%
Niue
65%
Samoa
65%
Bougainville
54%
New Ireland
54%
Stewart Island
51%
No matching quizzes found
Score Distribution
Percent of People with Each Score
Percentile by Number Answered
Your Score History
You have not taken this quiz